[Event "DVM 2007 U20"]
[Site "Kelheim"]
[Date "2007.12.29"]
[Round "5.1"]
[White "Billing, Christian"]
[Black "Aulich, Marcell"]
[Result "1/2-1/2"]
[WhiteElo "2102"]
[BlackElo "2058"]
[PlyCount "86"]
[EventDate "2007.??.??"]
[WhiteTeam "SC Dillingen"]
[BlackTeam "Schachfreunde Brackel 1930 e.V."]

1. e4 c5 2. d3 Nc6 3. Nc3 Nf6 4. g3 d5 5. exd5 Nxd5 6. Bg2 Nxc3 7. bxc3 g6 8.
Ne2 Bg7 9. O-O O-O 10. Bd2 Qd6 11. Rb1 Rd8 12. c4 b6 13. Re1 Bb7 14. Nc3 Qd7
15. Ne4 h6 16. h4 f5 17. Nc3 Nd4 18. Nd5 e6 19. Nf4 Bxg2 20. Kxg2 Qc6+ 21. f3
g5 22. hxg5 hxg5 23. Ng6 Bf6 24. Be3 Kf7 25. Bxd4 Rxd4 26. Ne5+ Bxe5 27. Rxe5
g4 28. Qe2 Rh8 29. Re3 Rdd8 30. Rh1 Rxh1 31. Kxh1 Rh8+ 32. Kg1 a6 33. Qg2 gxf3
34. Qxf3 Qd7 35. Qf4 Qd4 36. Qxd4 cxd4 37. Re1 Ke7 38. Rb1 Rb8 39. a4 Kd6 40.
Kf2 e5 41. Kf3 Kc5 42. g4 fxg4+ 43. Kxg4 Rf8 1/2-1/2

[Event "DVM 2007 U20"]
[Site "Kelheim"]
[Date "2007.12.29"]
[Round "5.3"]
[White "Nuber, Blasius"]
[Black "Strathoff, Martin"]
[Result "1-0"]
[WhiteElo "2113"]
[BlackElo "1995"]
[PlyCount "55"]
[EventDate "2007.??.??"]
[WhiteTeam "SC Dillingen"]
[BlackTeam "Schachfreunde Brackel 1930 e.V."]

1. e4 c5 2. d3 Nc6 3. Be3 d6 4. Nc3 g6 5. d4 cxd4 6. Bxd4 Nxd4 7. Qxd4 Nf6 8.
e5 dxe5 9. Bb5+ Bd7 10. Qxe5 Bg7 11. O-O-O O-O 12. Bxd7 Nxd7 13. Qb5 a6 14.
Qxd7 Qa5 15. Nge2 b5 16. Kb1 e6 17. f4 Rac8 18. Qd2 b4 19. Ne4 Qa4 20. Qd3 Rc7
21. Rd2 Rfc8 22. Rhd1 Qc6 23. Nd4 Qb6 24. Nf3 a5 25. Ne5 a4 26. Nd6 Rf8 27.
Ndc4 Qa7 28. Qe3 1-0

[Event "DVM 2007 U20"]
[Site "Kelheim"]
[Date "2007.12.29"]
[Round "5.4"]
[White "Luft, Dennis"]
[Black "Nuber, Helene"]
[Result "1/2-1/2"]
[WhiteElo "1943"]
[BlackElo "2004"]
[PlyCount "68"]
[EventDate "2007.??.??"]
[WhiteTeam "Schachfreunde Brackel 1930 e.V."]
[BlackTeam "SC Dillingen"]

1. e4 e6 2. d4 d5 3. Nd2 c5 4. exd5 Qxd5 5. Ngf3 cxd4 6. Bc4 Qd6 7. O-O Nf6 8.
Nb3 Nc6 9. Nbxd4 Nxd4 10. Nxd4 Bd7 11. Re1 O-O-O 12. c3 a6 13. Qf3 Qc7 14. Bf1
e5 15. Nb3 Bd6 16. h3 h6 17. Be3 Kb8 18. Nd2 Bc6 19. Qe2 Nd5 20. Ne4 Nxe3 21.
Qxe3 Bxe4 22. Qxe4 g6 23. Qc4 Rhf8 24. Qb3 Ka7 25. Rad1 Qb6 26. Bc4 Qxb3 27.
Bxb3 f5 28. Rd5 Kb6 29. Red1 Kc7 30. Bc2 e4 31. Kf1 b6 32. Ke2 Bf4 33. Rxd8
Rxd8 34. Rxd8 Kxd8 1/2-1/2

[Event "DVM 2007 U20"]
[Site "Kelheim"]
[Date "2007.12.29"]
[Round "5.5"]
[White "Darr, Thomas"]
[Black "Heyden, Jonas"]
[Result "0-1"]
[WhiteElo "1899"]
[BlackElo "1918"]
[PlyCount "82"]
[EventDate "2007.??.??"]
[WhiteTeam "SC Dillingen"]
[BlackTeam "Schachfreunde Brackel 1930 e.V."]

1. d4 d5 2. c4 c6 3. Nf3 e6 4. g3 Nd7 5. Bg2 dxc4 6. O-O Ngf6 7. Qc2 Be7 8.
Nbd2 O-O 9. Nxc4 c5 10. dxc5 Bxc5 11. Rd1 Qe7 12. Bf4 Nd5 13. Rac1 b6 14. a3 a5
15. Nfe5 Nxe5 16. Bxe5 Rd8 17. e4 Nc7 18. Rxd8+ Qxd8 19. Bxc7 Qxc7 20. Qc3 Bb7
21. b4 axb4 22. axb4 Be7 23. Qe3 Rc8 24. b5 Qc5 25. Qb3 Qb4 26. Qxb4 Bxb4 27.
Kf1 Rc5 28. Ke2 Rxb5 29. Kd3 Bc5 30. f3 Rb4 31. Ra1 Bc6 32. Nd2 g6 33. Rc1 Rb2
34. Kc3 Ra2 35. Bf1 Be3 36. Rd1 Ba4 37. Nb3 Bxb3 38. Kxb3 Rxh2 39. Rd3 Bc5 40.
g4 Rf2 41. Bh3 Kg7 0-1

[Event "DVM 2007 U20"]
[Site "Kelheim"]
[Date "2007.12.29"]
[Round "5.6"]
[White "Schroelkamp, Carsten"]
[Black "Schwarz, Andreas"]
[Result "0-1"]
[WhiteElo "1728"]
[BlackElo "1819"]
[PlyCount "76"]
[EventDate "2007.??.??"]
[WhiteTeam "Schachfreunde Brackel 1930 e.V."]
[BlackTeam "SC Dillingen"]

1. Nf3 d5 2. g3 Nc6 3. d3 e5 4. Nbd2 Nf6 5. e4 dxe4 6. dxe4 Bg4 7. Bg2 Bc5 8.
O-O Qe7 9. c3 O-O 10. b4 Bb6 11. a4 a5 12. b5 Nb8 13. Qc2 Bc5 14. Nb3 Bd6 15.
Be3 Nbd7 16. Nh4 Nc5 17. Nf5 Bxf5 18. exf5 Rab8 19. Nxa5 e4 20. Nc4 Rfe8 21.
Nxd6 cxd6 22. Rfe1 Nd3 23. Re2 d5 24. Qb3 Qd7 25. Bh3 Ne5 26. Rd1 Red8 27. Bb6
Rdc8 28. Bd4 Nf3+ 29. Kh1 Ne8 30. Ba7 Ra8 31. Rxd5 Rxc3 32. Qxc3 Qxd5 33. Qc2
Rxa7 34. Rxe4 Ra8 35. Bg2 Qd2 36. Qc4 Qd1+ 37. Qf1 Qxf1+ 38. Bxf1 Nd2 0-1

[Event "DVM 2007 U20"]
[Site "Kelheim"]
[Date "2007.12.29"]
[Round "5.1"]
[White "Strache, Michael"]
[Black "Huschenbeth, Niclas"]
[Result "0-1"]
[WhiteElo "2161"]
[BlackElo "2405"]
[PlyCount "50"]
[EventDate "2007.??.??"]
[WhiteTeam "SV Sangerhausen e. V."]
[BlackTeam "Hamburger SK von 1830 eV"]

1. e4 e5 2. Nf3 Nc6 3. Bb5 a6 4. Ba4 Nf6 5. O-O b5 6. Bb3 Bc5 7. d3 d6 8. h3
Na5 9. c3 Nxb3 10. Qxb3 O-O 11. a4 Rb8 12. axb5 axb5 13. d4 Bb6 14. Bg5 h6 15.
Bxf6 Qxf6 16. Qd1 Qg6 17. Kh1 exd4 18. cxd4 Qxe4 19. Nc3 Qf5 20. b4 Qh5 21. Qd3
Bf5 22. Qxb5 Bxd4 23. Qc4 Bb6 24. Kg1 Bxh3 25. gxh3 Qxf3 0-1

[Event "DVM 2007 U20"]
[Site "Kelheim"]
[Date "2007.12.29"]
[Round "5.3"]
[White "Lieder, Konrad"]
[Black "Möller, Hendrik"]
[Result "1-0"]
[WhiteElo "2160"]
[BlackElo "2132"]
[PlyCount "93"]
[EventDate "2007.??.??"]
[WhiteTeam "SV Sangerhausen e. V."]
[BlackTeam "Hamburger SK von 1830 eV"]

1. d4 Nf6 2. c4 e6 3. Nc3 Bb4 4. Qc2 O-O 5. e4 c5 6. a3 cxd4 7. axb4 dxc3 8.
bxc3 d6 9. Nf3 e5 10. Be2 b6 11. Bg5 h6 12. Bh4 Bb7 13. Nd2 Nc6 14. O-O a5 15.
b5 Nb8 16. Rfe1 Nbd7 17. f3 Nc5 18. Nf1 g5 19. Bf2 Bc8 20. Ne3 Qe7 21. g4 Kg7
22. Kg2 Be6 23. h4 Rh8 24. Rh1 Nfd7 25. Rad1 Rad8 26. Qd2 Nb7 27. Bd3 Ndc5 28.
Bb1 Nb3 29. Qc2 N3c5 30. Rh2 f6 31. Rdh1 Qf7 32. Qe2 Na4 33. Be1 Rc8 34. Nd5
Bxd5 35. exd5 Nac5 36. Bf5 Rce8 37. Bd2 Qe7 38. hxg5 fxg5 39. Rh5 e4 40. Bxg5
exf3+ 41. Qxf3 Qe2+ 42. Qxe2 Rxe2+ 43. Kf3 Ree8 44. Bxh6+ Kf7 45. g5 a4 46. g6+
Kf6 47. Kf4 1-0

[Event "DVM 2007 U20"]
[Site "Kelheim"]
[Date "2007.12.29"]
[Round "5.4"]
[White "Bracker, Arne"]
[Black "Günther, Christian"]
[Result "1/2-1/2"]
[WhiteElo "2105"]
[BlackElo "2075"]
[PlyCount "158"]
[EventDate "2007.??.??"]
[WhiteTeam "Hamburger SK von 1830 eV"]
[BlackTeam "SV Sangerhausen e. V."]

1. e4 c5 2. Nf3 d6 3. d4 cxd4 4. Nxd4 Nf6 5. Nc3 a6 6. Bg5 e6 7. f4 Be7 8. Qf3
Nbd7 9. O-O-O Qc7 10. g4 b5 11. Bxf6 gxf6 12. f5 Ne5 13. Qh3 b4 14. Nce2 exf5
15. Nxf5 Bxf5 16. exf5 Qc4 17. Kb1 Qxg4 18. Qb3 Qc4 19. Qe3 Qc5 20. Qh6 Kd7 21.
Rg1 Rhc8 22. Nd4 Nf3 23. Rg4 Nxd4 24. Rgxd4 Qxc2+ 25. Ka1 b3 26. Qf4 Rc6 27.
axb3 Rb8 28. b4 Rxb4 29. Qd2 Rxb2 30. Qxc2 Rbxc2 31. h3 Bd8 32. Kb1 R2c5 33.
Ra4 Ba5 34. Bd3 Rb6+ 35. Ka2 Rb4 36. Ra3 Rf4 37. Bxa6 Rfxf5 38. Rad3 Bc7 39.
Kb1 Rc6 40. Ra3 Rb6+ 41. Kc1 Rc5+ 42. Kd2 Rd5+ 43. Bd3 Rb2+ 44. Kc1 Rb4 45.
Bxh7 Rc4+ 46. Bc2 Rdc5 47. Rd2 d5 48. Kd1 Ba5 49. Rf2 Rc3 50. Rxc3 Bxc3 51. h4
Kd6 52. h5 Rc4 53. Rh2 Ke6 54. h6 f5 55. Rf2 f4 56. h7 f5 57. Rg2 f3 58. Rg6+
Kf7 59. Bxf5 Rf4 60. Bd3 f2 61. Kc2 Be5 62. Rg8 f1=Q 63. Bxf1 Rxf1 64. h8=Q
Bxh8 65. Rxh8 Ke6 66. Kd3 Rf3+ 67. Kd4 Rf4+ 68. Kd3 Ke5 69. Re8+ Kd6 70. Rh8
Ra4 71. Kd2 Ra3 72. Rh5 Kc5 73. Rh4 Rg3 74. Kc2 d4 75. Rh8 Rg6 76. Rc8+ Kd5 77.
Rd8+ Ke5 78. Re8+ Kf4 79. Kd3 Rd6 1/2-1/2

[Event "DVM 2007 U20"]
[Site "Kelheim"]
[Date "2007.12.29"]
[Round "5.5"]
[White "Richter, Dustin"]
[Black "Held, Florian"]
[Result "1/2-1/2"]
[WhiteElo "1886"]
[BlackElo "2032"]
[PlyCount "82"]
[EventDate "2007.??.??"]
[WhiteTeam "SV Sangerhausen e. V."]
[BlackTeam "Hamburger SK von 1830 eV"]

1. e4 c5 2. Nf3 d6 3. d4 cxd4 4. Nxd4 Nf6 5. Nc3 a6 6. Be3 e6 7. Be2 Be7 8. O-O
O-O 9. f4 Nc6 10. Bf3 Qc7 11. Qe2 Nxd4 12. Bxd4 e5 13. fxe5 dxe5 14. Bf2 Be6
15. Nd5 Bxd5 16. exd5 Bc5 17. g4 Rac8 18. g5 Nd7 19. Bg4 Rcd8 20. c4 Rfe8 21.
Kh1 Bxf2 22. Rxf2 a5 23. Raf1 Rf8 24. h4 Nc5 25. Bf5 Qe7 26. Be4 Nxe4 27. Qxe4
Rb8 28. Rf5 Rbe8 29. Qe3 Qb4 30. b3 b5 31. Rxe5 Rxe5 32. Qxe5 bxc4 33. Rf4 Qd2
34. bxc4 f6 35. gxf6 gxf6 36. Qe6+ Kh8 37. Rg4 Qd1+ 38. Kh2 Qd2+ 39. Kh3 Qd3+
40. Kh2 Qd2+ 41. Rg2 Qf4+ 1/2-1/2

[Event "DVM 2007 U20"]
[Site "Kelheim"]
[Date "2007.12.29"]
[Round "5.6"]
[White "Wiese, Phil"]
[Black "Wölfer, Jan"]
[Result "1-0"]
[WhiteElo "1898"]
[BlackElo "1803"]
[PlyCount "75"]
[EventDate "2007.??.??"]
[WhiteTeam "Hamburger SK von 1830 eV"]
[BlackTeam "SV Sangerhausen e. V."]

1. e4 c5 2. c3 d5 3. exd5 Qxd5 4. d4 Nc6 5. Nf3 Bg4 6. Be2 cxd4 7. cxd4 e6 8.
O-O Nf6 9. Nc3 Qd7 10. Be3 Be7 11. Qb3 Nd5 12. h3 Bf5 13. Bb5 Bf6 14. Rac1 O-O
15. Nxd5 exd5 16. Ne5 Bxe5 17. dxe5 a6 18. Bxc6 bxc6 19. Bd4 Rfb8 20. Qc3 Rc8
21. Rfe1 Qe7 22. Re3 Rab8 23. Rg3 Qb4 24. e6 g6 25. Qe3 Qe7 26. exf7+ Kxf7 27.
Qh6 Kg8 28. Re3 Qf8 29. Qf4 h6 30. Qe5 Kh7 31. g4 Be4 32. f3 c5 33. Bc3 d4 34.
Rxe4 dxc3 35. Qxc3 Qd6 36. Kg2 Rd8 37. Rd1 Qf6 38. Qxf6 1-0

[Event "DVM 2007 U20"]
[Site "Kelheim"]
[Date "2007.12.29"]
[Round "5.1"]
[White "Werthebach, Felix"]
[Black "Geske, Julian"]
[Result "0-1"]
[WhiteElo "2098"]
[BlackElo "2122"]
[PlyCount "44"]
[EventDate "2007.??.??"]
[WhiteTeam "Schachgesellschaft Bochum 1931"]
[BlackTeam "SV 1920 Hofheim"]

1. Nf3 Nf6 2. g3 g6 3. Bg2 Bg7 4. O-O O-O 5. c4 d6 6. Nc3 e5 7. d3 Re8 8. e4 c6
9. Rb1 Na6 10. b4 d5 11. cxd5 cxd5 12. Bg5 Nc7 13. d4 exd4 14. Nxd4 h6 15. Bxf6
Qxf6 16. Ndb5 Nxb5 17. Nxb5 Qb6 18. Qxd5 Re5 19. Nc7 Qxc7 20. Rbc1 Rxd5 21.
Rxc7 Rd8 22. a4 Be5 0-1

[Event "DVM 2007 U20"]
[Site "Kelheim"]
[Date "2007.12.29"]
[Round "5.2"]
[White "Dittmann, Moritz"]
[Black "Pilat, Daniel"]
[Result "1/2-1/2"]
[WhiteElo "1901"]
[BlackElo "2079"]
[PlyCount "73"]
[EventDate "2007.??.??"]
[WhiteTeam "SV 1920 Hofheim"]
[BlackTeam "Schachgesellschaft Bochum 1931"]

1. e4 c5 2. Nf3 e6 3. Nc3 a6 4. d4 cxd4 5. Nxd4 Qc7 6. g3 b5 7. Bg2 Bb7 8. O-O
Nf6 9. Re1 b4 10. Na4 Nc6 11. c3 Qa5 12. e5 Nd5 13. Bxd5 exd5 14. Nf5 h5 15.
Nd6+ Bxd6 16. exd6+ Kf8 17. Be3 Re8 18. Nc5 Rxe3 19. Rxe3 Qxc5 20. Qe2 g6 21.
Re8+ Kg7 22. Rxh8 Kxh8 23. Qe8+ Kg7 24. Qxd7 Qb6 25. cxb4 Nd4 26. Qc7 Ne2+ 27.
Kg2 d4+ 28. f3 Qxb4 29. d7 Qxb2 30. Qe5+ f6 31. Qe7+ Kh6 32. Kh3 Bxf3 33. Qf8+
Kg5 34. Qc5+ Kh6 35. Qf8+ Kg5 36. Qc5+ Kh6 37. Qf8+ 1/2-1/2

[Event "DVM 2007 U20"]
[Site "Kelheim"]
[Date "2007.12.29"]
[Round "5.3"]
[White "Mazarov, Jürgen"]
[Black "Dapprich, Maximilian"]
[Result "1/2-1/2"]
[WhiteElo "2079"]
[BlackElo "1922"]
[PlyCount "191"]
[EventDate "2007.??.??"]
[WhiteTeam "Schachgesellschaft Bochum 1931"]
[BlackTeam "SV 1920 Hofheim"]

1. e4 e5 2. Nf3 Nc6 3. Bb5 a6 4. Ba4 Nf6 5. d3 d6 6. h3 g6 7. c3 Bg7 8. Nbd2
O-O 9. O-O Re8 10. Re1 b5 11. Bc2 Bb7 12. Nf1 Nb8 13. N3h2 Nbd7 14. Ng4 Nxg4
15. hxg4 d5 16. f3 dxe4 17. dxe4 Nf8 18. Qe2 Ne6 19. g3 c5 20. Be3 Qc7 21. Rad1
Rad8 22. Bc1 c4 23. Be3 a5 24. Qf2 Qc6 25. Bb6 Rxd1 26. Rxd1 Ra8 27. Be3 b4 28.
Kg2 bxc3 29. bxc3 Bf8 30. Qd2 Rd8 31. Qc1 Rxd1 32. Qxd1 Qd6 33. Qxd6 Bxd6 34.
Nd2 Ba6 35. Bd1 Nc5 36. Bxc5 Bxc5 37. Be2 Be3 38. Nb1 Kf8 39. Kf1 Ke7 40. Na3
Bd2 41. Bxc4 Bxc4+ 42. Nxc4 Bxc3 43. Ke2 f6 44. f4 exf4 45. gxf4 h5 46. gxh5
gxh5 47. Ne3 Kf7 48. Kf3 Kg6 49. Nf5 Bd2 50. a4 Kf7 51. Nd6+ Kg6 52. Nc4 Bc3
53. Ne3 Bd2 54. Nd5 Bb4 55. Ke2 Bc5 56. Kf3 Bb4 57. Kg2 Bd2 58. Kg3 Be1+ 59.
Kf3 Bb4 60. Ne3 Bd2 61. Nf5 Be1 62. Nd4 Bc3 63. Ne6 Bd2 64. Kg3 Be1+ 65. Kh3
Bf2 66. Kg2 Be1 67. Nd4 Bc3 68. Ne2 Be1 69. Ng1 Bd2 70. Nh3 Bb4 71. Kf3 Be1 72.
Ke2 Bb4 73. Ke3 Bc5+ 74. Kd3 Bb4 75. Kd4 Kf7 76. e5 fxe5+ 77. fxe5 h4 78. Ke4
Be7 79. Kf5 Ke8 80. Ke6 Kd8 81. Kd5 Kd7 82. Ke4 Kc6 83. Nf4 Kc5 84. Kd3 Kc6 85.
Kd4 Bc5+ 86. Ke4 Kd7 87. Kf3 Be7 88. Ke4 Bg5 89. Nd3 Bd2 90. Kf3 Ke6 91. Kg4
Bc3 92. Kxh4 Bxe5 93. Kg4 Bc3 94. Nc5+ Kd5 95. Nb3 Kc4 96. Nxa5+ 1/2-1/2

[Event "DVM 2007 U20"]
[Site "Kelheim"]
[Date "2007.12.29"]
[Round "5.4"]
[White "Ackermann, Johannes"]
[Black "Hobusch, Alexander"]
[Result "0-1"]
[WhiteElo "1756"]
[BlackElo "2041"]
[PlyCount "84"]
[EventDate "2007.??.??"]
[WhiteTeam "SV 1920 Hofheim"]
[BlackTeam "Schachgesellschaft Bochum 1931"]

1. e4 e6 2. d4 d5 3. Nc3 Nf6 4. Bg5 Bb4 5. e5 h6 6. Bd2 Bxc3 7. bxc3 Ne4 8. Qg4
g6 9. Bd3 Nxd2 10. Kxd2 c5 11. Nf3 c4 12. Be2 Nd7 13. h4 Qe7 14. Rhb1 Qa3 15.
Qf4 Rb8 16. Nh2 Nb6 17. h5 Na4 18. Qg3 g5 19. Ng4 b5 20. Qf3 a5 21. g3 Rb6 22.
Bd1 Ba6 23. Qe3 Ke7 24. f4 gxf4 25. gxf4 Rg8 26. Bf3 Rh8 27. Be2 Rhb8 28. Nxh6
Rh8 29. f5 Rxh6 30. Qxh6 Qxc3+ 31. Kc1 Qe1+ 32. Bd1 exf5 33. Qd2 Qh1 34. c3 Rb8
35. Qg5+ Kd7 36. Qxf5+ Ke8 37. Qf3 Qe1 38. Kc2 b4 39. cxb4 axb4 40. Be2 b3+ 41.
axb3 cxb3+ 42. Rxb3 Rc8+ 0-1

[Event "DVM 2007 U20"]
[Site "Kelheim"]
[Date "2007.12.29"]
[Round "5.5"]
[White "Zeldin, Leonid"]
[Black "Sohl, Thies"]
[Result "1-0"]
[WhiteElo "2038"]
[BlackElo "1658"]
[PlyCount "105"]
[EventDate "2007.??.??"]
[WhiteTeam "Schachgesellschaft Bochum 1931"]
[BlackTeam "SV 1920 Hofheim"]

1. e4 e6 2. d4 d5 3. Nd2 c5 4. exd5 exd5 5. Ngf3 Nf6 6. dxc5 Bxc5 7. Nb3 Bb6 8.
Bd3 O-O 9. O-O Bg4 10. h3 Bh5 11. Bf4 Nc6 12. Re1 Qd7 13. c3 Rfe8 14. Rxe8+
Rxe8 15. a4 Ne4 16. Bxe4 Rxe4 17. Bg3 Qe6 18. Nbd2 Re2 19. b4 a5 20. b5 Ne7 21.
Kf1 Rxd2 22. Qxd2 Bxf3 23. gxf3 Qxh3+ 24. Ke2 Nf5 25. Qf4 Nxg3+ 26. Qxg3 Qe6+
27. Kf1 g6 28. Re1 Qc8 29. Kg2 Qxc3 30. Re8+ Kg7 31. Qe5+ Qxe5 32. Rxe5 Kf6 33.
Rxd5 Ke6 34. Rd1 Bc5 35. f4 b6 36. Kf3 Kf6 37. Rd2 Kg7 38. Ke4 Kf6 39. Kd5 Kf5
40. Rc2 Be7 41. Rc7 Bh4 42. Rxf7+ Kg4 43. Rxh7 Bxf2 44. Rf7 Bc5 45. Rf6 g5 46.
fxg5 Kxg5 47. Rf1 Be3 48. Kc6 Bc5 49. Kb7 Kg6 50. Ka6 Kg7 51. Rf5 Be3 52. Re5
Bd4 53. Re6 1-0

[Event "DVM 2007 U20"]
[Site "Kelheim"]
[Date "2007.12.29"]
[Round "5.6"]
[White "Langbein, Till"]
[Black "Orhan, Zilan"]
[Result "0-1"]
[WhiteElo "1406"]
[BlackElo "1768"]
[PlyCount "62"]
[EventDate "2007.??.??"]
[WhiteTeam "SV 1920 Hofheim"]
[BlackTeam "Schachgesellschaft Bochum 1931"]

1. d4 d5 2. c4 e6 3. Nc3 c6 4. e3 Nf6 5. Bd3 a6 6. Nf3 dxc4 7. Bxc4 b5 8. Bd3
Bb7 9. O-O c5 10. dxc5 Bxc5 11. e4 Qb6 12. Qe2 O-O 13. Bf4 Nc6 14. e5 Nd7 15.
Bxh7+ Kh8 16. Ng5 g6 17. Qd3 Ncxe5 18. Qh3 Kg7 19. Nge4 f6 20. Bh6+ Kf7 21.
Bxf8 Nxf8 22. Rac1 Be7 23. Rfd1 Kg7 24. Bxg6 Nfxg6 25. Ng3 Rh8 26. Nh5+ Kf7 27.
g4 Bf3 28. Rd7 Bxg4 29. Qg2 Bf3 30. Qg3 Rxh5 31. Rd2 Rg5 0-1

[Event "DVM 2007 U20"]
[Site "Kelheim"]
[Date "2007.12.29"]
[Round "5.1"]
[White "Krug, Kevin"]
[Black "Ohme, Melanie"]
[Result "0-1"]
[WhiteElo "2196"]
[BlackElo "2245"]
[PlyCount "128"]
[EventDate "2007.??.??"]
[WhiteTeam "Schachfreunde Köln-Mülheim 1945"]
[BlackTeam "SC Leipzig-Gohlis"]

1. d4 Nf6 2. Nc3 d5 3. Bg5 Bf5 4. f3 Bg6 5. Nh3 e6 6. Nf4 Nc6 7. e3 Be7 8. h4
h6 9. Nxg6 fxg6 10. Bxf6 Bxf6 11. g3 Qd6 12. f4 O-O-O 13. Qf3 g5 14. hxg5 hxg5
15. Rxh8 Rxh8 16. O-O-O gxf4 17. gxf4 Kb8 18. Bb5 Ne7 19. e4 dxe4 20. Nxe4 Qb6
21. Nxf6 Qxb5 22. Ne4 Qd5 23. b3 Nc6 24. Qe3 Qf5 25. Nc5 Nb4 26. Rd2 Nxa2+ 27.
Kb2 Nb4 28. Qxe6 Qxf4 29. Qe4 Qxe4 30. Nxe4 Rh4 31. Nc5 b6 32. Ne6 Rg4 33. Rf2
Rg6 34. Rf8+ Kb7 35. Nd8+ Ka6 36. Kc3 Nc6 37. Nxc6 Rxc6+ 38. Kd3 g6 39. Rf7 Kb7
40. Rg7 b5 41. c4 bxc4+ 42. bxc4 Kb6 43. d5 Rf6 44. Kd4 Rf4+ 45. Ke5 Rxc4 46.
Rxg6+ Kb5 47. d6 cxd6+ 48. Rxd6 a5 49. Rd8 a4 50. Rb8+ Kc5 51. Ra8 Kb4 52. Kd5
Rh4 53. Rb8+ Kc3 54. Rc8+ Kb3 55. Rb8+ Ka2 56. Rb7 a3 57. Rb8 Ka1 58. Rb7 a2
59. Rb8 Rh1 60. Kc4 Rb1 61. Rh8 Kb2 62. Rh2+ Ka3 63. Rh3+ Ka4 64. Rh8 Rc1+ 0-1

[Event "DVM 2007 U20"]
[Site "Kelheim"]
[Date "2007.12.29"]
[Round "5.2"]
[White "Hentze, Markus"]
[Black "Papaioannou, Dimitri"]
[Result "1/2-1/2"]
[WhiteElo "1783"]
[BlackElo "2028"]
[PlyCount "66"]
[EventDate "2007.??.??"]
[WhiteTeam "SC Leipzig-Gohlis"]
[BlackTeam "Schachfreunde Köln-Mülheim 1945"]

1. e4 c6 2. d4 d5 3. Nc3 dxe4 4. Nxe4 Nd7 5. Nf3 Ngf6 6. Nxf6+ Nxf6 7. Ne5 e6
8. Be3 Be7 9. Bd3 O-O 10. O-O Qc7 11. Bf4 Bd6 12. Bg3 c5 13. Ng4 Nxg4 14. Qxg4
Bxg3 15. hxg3 cxd4 16. Qxd4 Bd7 17. Rad1 Bc6 18. Be4 Bxe4 19. Qxe4 Rfd8 20. Qe2
Qa5 21. Rxd8+ Rxd8 22. Rd1 g6 23. Rxd8+ Qxd8 24. b3 Qd4 25. a4 Kg7 26. Qf3 b6
27. Qe2 a5 28. Qe1 Qd5 29. Qe3 Qd1+ 30. Kh2 Qh5+ 31. Kg1 Qd1+ 32. Kh2 Qh5+ 33.
Kg1 Qd1+ 1/2-1/2

[Event "DVM 2007 U20"]
[Site "Kelheim"]
[Date "2007.12.29"]
[Round "5.3"]
[White "Krutwig, Longlong"]
[Black "Dück, Stefan"]
[Result "0-1"]
[WhiteElo "2023"]
[BlackElo "1960"]
[PlyCount "62"]
[EventDate "2007.??.??"]
[WhiteTeam "Schachfreunde Köln-Mülheim 1945"]
[BlackTeam "SC Leipzig-Gohlis"]

1. d4 Nf6 2. Nf3 g6 3. Bf4 Bg7 4. c3 d6 5. Nbd2 O-O 6. e4 Nh5 7. Be3 e5 8. Bc4
Nc6 9. dxe5 Nxe5 10. Nxe5 Bxe5 11. O-O Qh4 12. Nf3 Qxe4 13. Bd5 Qf5 14. Nxe5
dxe5 15. Re1 c6 16. Bf3 Nf6 17. Qb3 e4 18. Be2 b6 19. Bd4 Be6 20. Qa4 Bd7 21.
Bxf6 Qxf6 22. Qxe4 Rfe8 23. Qc4 Re5 24. Rad1 Qe7 25. Qd4 Bf5 26. Qd2 Re8 27.
Kf1 b5 28. Bf3 Bd3+ 29. Be2 Bxe2+ 30. Rxe2 Rxe2 31. Qc1 Qh4 0-1

[Event "DVM 2007 U20"]
[Site "Kelheim"]
[Date "2007.12.29"]
[Round "5.4"]
[White "Hänse, Felix"]
[Black "Schehl, Michael"]
[Result "1-0"]
[WhiteElo "1727"]
[BlackElo "1830"]
[PlyCount "83"]
[EventDate "2007.??.??"]
[WhiteTeam "SC Leipzig-Gohlis"]
[BlackTeam "Schachfreunde Köln-Mülheim 1945"]

1. Nf3 d5 2. g3 Nf6 3. Bg2 c6 4. O-O Bf5 5. d3 Bg6 6. Ne5 Nbd7 7. Nxg6 hxg6 8.
e4 dxe4 9. dxe4 e6 10. Nc3 Bc5 11. Na4 Be7 12. Be3 Ne5 13. Bd4 Ned7 14. e5 Nd5
15. c4 N5b6 16. Qb3 Nxa4 17. Qxa4 Nc5 18. Bxc5 Bxc5 19. Bxc6+ Kf8 20. Bxb7 Rb8
21. Qc6 Qd4 22. Qc7 Rd8 23. Rad1 Qxd1 24. Qxc5+ Kg8 25. Rxd1 Rxd1+ 26. Kg2 Rd2
27. Qb4 Rd7 28. c5 f5 29. c6 Rf7 30. Qd6 Kh7 31. c7 Rff8 32. Qxf8 Rxf8 33. c8=Q
Rxc8 34. Bxc8 g5 35. Bxe6 Kg6 36. f4 a5 37. b3 Kh5 38. Bxf5 g6 39. e6 gxf5 40.
e7 gxf4 41. e8=Q+ Kg4 42. Qg6# 1-0

[Event "DVM 2007 U20"]
[Site "Kelheim"]
[Date "2007.12.29"]
[Round "5.5"]
[White "Butschek, Tanja"]
[Black "Sandring, Franz"]
[Result "1/2-1/2"]
[WhiteElo "1880"]
[BlackElo "1543"]
[PlyCount "92"]
[EventDate "2007.??.??"]
[WhiteTeam "Schachfreunde Köln-Mülheim 1945"]
[BlackTeam "SC Leipzig-Gohlis"]

1. e4 c5 2. Nf3 d6 3. Bb5+ Bd7 4. Bxd7+ Qxd7 5. O-O Nc6 6. c4 e6 7. d4 cxd4 8.
Nxd4 Be7 9. Be3 Nf6 10. Nc3 O-O 11. f4 Rac8 12. Qe2 Rfd8 13. Rf3 Ng4 14. Nxc6
Qxc6 15. Rg3 Nxe3 16. Qxe3 Qxc4 17. Qf3 Bf6 18. Rf1 Rf8 19. e5 dxe5 20. Ne4
Qd4+ 21. Kh1 exf4 22. Qxf4 Be5 23. Qe3 Qxe3 24. Rxe3 Bxb2 25. Rb3 Rc1 26. Rxc1
Bxc1 27. Rxb7 Be3 28. g3 h6 29. Nd6 Bc5 30. Nb5 Rd8 31. a4 Rd1+ 32. Kg2 Ra1 33.
Rc7 Bb6 34. Rc4 Ra2+ 35. Kh1 Rf2 36. Rc8+ Kh7 37. Nd6 Kg6 38. Rc4 h5 39. Nc8
Be3 40. Rc7 h4 41. gxh4 Rxh2+ 42. Kxh2 Bf4+ 43. Kh3 Bxc7 44. Nxa7 f5 45. Nc6
Kh5 46. Nd4 Bd8 1/2-1/2

[Event "DVM 2007 U20"]
[Site "Kelheim"]
[Date "2007.12.29"]
[Round "5.1"]
[White "Schneider, David"]
[Black "Baldauf, Marco"]
[Result "1/2-1/2"]
[WhiteElo "2271"]
[BlackElo "2247"]
[PlyCount "83"]
[EventDate "2007.??.??"]
[WhiteTeam "FSV Großenseebach"]
[BlackTeam "SGem Pang/Rosenheim"]

1. e4 e5 2. Nf3 Nc6 3. Bb5 a6 4. Ba4 Nf6 5. O-O b5 6. Bb3 Bc5 7. Nxe5 Nxe5 8.
d4 Bxd4 9. Qxd4 d6 10. Qd1 O-O 11. f3 c5 12. Bd5 Nxd5 13. Qxd5 Be6 14. Qd1 f5
15. Nc3 b4 16. Nd5 fxe4 17. fxe4 Rxf1+ 18. Qxf1 Bxd5 19. exd5 Qe7 20. Qf5 Rf8
21. Qe4 Ng6 22. Qxe7 Nxe7 23. a3 Nxd5 24. axb4 Nxb4 25. c3 Nd3 26. Bg5 Rf5 27.
Be7 d5 28. Bd6 Rf6 29. Rxa6 c4 30. Ra8+ Kf7 31. Rd8 h5 32. Bg3 Rb6 33. Rxd5
Rxb2 34. h4 Rc2 35. Rxh5 Rc1+ 36. Kh2 Rxc3 37. Rf5+ Kg6 38. Rg5+ Kf6 39. Rd5
Rc1 40. Rd8 Rd1 41. Rc8 Rc1 42. Rd8 1/2-1/2

[Event "DVM 2007 U20"]
[Site "Kelheim"]
[Date "2007.12.29"]
[Round "5.2"]
[White "Lindenberg, Georg"]
[Black "Kirch, Daniel"]
[Result "1-0"]
[WhiteElo "2083"]
[BlackElo "2004"]
[PlyCount "93"]
[EventDate "2007.??.??"]
[WhiteTeam "SGem Pang/Rosenheim"]
[BlackTeam "FSV Großenseebach"]

1. d4 Nf6 2. Nc3 d5 3. Bg5 Nbd7 4. Nf3 g6 5. e3 Bg7 6. Bd3 O-O 7. Ne5 c6 8. Qd2
Nxe5 9. dxe5 Ng4 10. f4 f6 11. Bh4 fxe5 12. O-O-O exf4 13. exf4 Qc7 14. Bg3 Bh6
15. h3 Nf6 16. Bh2 Nh5 17. Kb1 Bxf4 18. Bxf4 Nxf4 19. h4 Bg4 20. Rde1 e5 21. g3
Nxd3 22. cxd3 Rf5 23. Nd1 Bxd1 24. Qxd1 h6 25. Qg4 Rf6 26. Re2 Kg7 27. Rhe1 Re8
28. a3 Qd6 29. Ka1 Rf7 30. Re3 Rf2 31. h5 g5 32. Rf3 Rxf3 33. Qxf3 Qf6 34. Qg4
Qe6 35. Qa4 a6 36. Qb4 Re7 37. Rf1 Rf7 38. Rxf7+ Qxf7 39. Qd6 e4 40. dxe4 Qf1+
41. Ka2 Qc4+ 42. Ka1 Qf1+ 43. Ka2 dxe4 44. Qg6+ Kf8 45. Qxh6+ Ke8 46. Qe6+ Kd8
47. h6 1-0

[Event "DVM 2007 U20"]
[Site "Kelheim"]
[Date "2007.12.29"]
[Round "5.3"]
[White "Süß, Stefan"]
[Black "Berchtenbreiter, Maximilian"]
[Result "1-0"]
[WhiteElo "1881"]
[BlackElo "2089"]
[PlyCount "113"]
[EventDate "2007.??.??"]
[WhiteTeam "FSV Großenseebach"]
[BlackTeam "SGem Pang/Rosenheim"]

1. Nf3 c5 2. e4 d6 3. d4 cxd4 4. Nxd4 Nf6 5. Nc3 a6 6. Be3 e5 7. Nb3 Be6 8. f3
Nbd7 9. Qd2 b5 10. g4 Nb6 11. g5 Nfd7 12. Nd5 Bxd5 13. exd5 Qc7 14. O-O-O Rc8
15. Kb1 Be7 16. h4 Bd8 17. Rh2 Nc4 18. Bxc4 bxc4 19. Nc1 c3 20. Qxc3 Qxc3 21.
bxc3 Ba5 22. Ne2 Bxc3 23. Nxc3 Rxc3 24. Re2 f5 25. Kb2 Rc4 26. Bf2 Kf7 27. Rd3
Rb8+ 28. Kc1 Rb5 29. Red2 Nc5 30. Ra3 Rcb4 31. Re2 Na4 32. Rb3 Rxb3 33. axb3
Nc3 34. Re3 Na2+ 35. Kb2 Nb4 36. c4 Ra5 37. Be1 Ra2+ 38. Kb1 Ra1+ 39. Kxa1 Nc2+
40. Kb2 Nxe3 41. Kc3 Ke7 42. Kd3 f4 43. b4 Kd7 44. Bf2 Nf5 45. c5 dxc5 46. bxc5
Ng3 47. Be1 h6 48. c6+ Kd6 49. Bb4+ Kc7 50. Kc4 e4 51. Kc5 Nf5 52. fxe4 f3 53.
exf5 f2 54. d6+ Kd8 55. Ba5+ Ke8 56. d7+ Kf7 57. d8=Q 1-0